[Event "Autumn Cup"]
[Site "Box Hill"]
[Date "2002.02.08"]
[Round "1.1"]
[White "Lawson, Shane"]
[Black "Gluzman, Michael"]
[Result "0-1"]
[WhiteElo "1636"]
[BlackElo "2363"]
[Annotator "jd"]
[PlyCount "54"]
[EventDate "2002.02.08"]

1. e4 c6 2. d4 d5 3. e5 c5 4. dxc5 e6 5. Be3 Nc6 6. Nf3 Nge7 7. c3 Bd7 8. Be2
Ng6 9. Bd4 Qc7 10. Qb3 Ngxe5 11. Nxe5 Nxe5 12. Bxe5 Qxe5 13. Qb4 Qc7 14. Bb5
O-O-O 15. Bxd7+ Rxd7 16. Qa4 Qe5+ 17. Kf1 Bxc5 18. Nd2 Qf5 19. Nf3 Qd3+ 20. Kg1
Qe2 21. Nd4 Qxb2 22. Rd1 e5 23. Nc2 Re8 24. g3 Re6 25. Kg2 Ra6 26. Qg4 Qxc2 27.
Rb1 Qe4+ 0-1

[Event "Autumn Cup"]
[Site "Box Hill"]
[Date "2002.02.08"]
[Round "1.2"]
[White "Saw, Geoffrey"]
[Black "Wilson, Norm"]
[Result "0-1"]
[WhiteElo "2179"]
[BlackElo "1636"]
[Annotator "jd"]
[PlyCount "90"]
[EventDate "2002.02.08"]

1. c4 Nf6 2. g3 e6 3. Bg2 Be7 4. e4 d6 5. d4 c5 6. Ne2 cxd4 7. Nxd4 a6 8. O-O
Qc7 9. b3 Bd7 10. Bb2 Nc6 11. a4 O-O 12. Kh1 Rac8 13. Nc3 Rfd8 14. f4 Nxd4 15.
Qxd4 Bc6 16. Rfd1 b6 17. Rd2 Rd7 18. h3 Rcd8 19. Kh2 d5 20. exd5 exd5 21. Nxd5
Bxd5 22. cxd5 Bc5 23. Qc4 a5 24. Rc1 Qb8 25. Be5 Bd6 26. Bxf6 gxf6 27. Qd4 Kg7
28. Rc6 Be7 29. Rxb6 Qa7 30. g4 Rd6 31. Rxd6 Qxd4 32. Rxd4 Bxd6 33. Kg3 Rb8 34.
Kf3 Rxb3+ 35. Ke4 Bc5 36. Rc4 Re3+ 37. Kf5 Be7 38. Rc6 Rd3 39. Be4 Rd4 40. Ra6
Bd8 41. Ra8 Bc7 42. Ra7 Bd8 43. Rd7 Bb6 44. Rd6 Bc7 45. Rc6 Bb8 0-1

[Event "Autumn Cup"]
[Site "Box Hill"]
[Date "2002.02.08"]
[Round "1.3"]
[White "Exner, Rolf"]
[Black "Kempen, Leon"]
[Result "0-1"]
[WhiteElo "1624"]
[BlackElo "2008"]
[Annotator "jd"]
[PlyCount "102"]
[EventDate "2002.02.08"]

1. d4 Nf6 2. c4 e6 3. Nc3 Bb4 4. f3 c5 5. d5 Bxc3+ 6. bxc3 d6 7. e4 e5 8. Bd3
Qa5 9. Ne2 Nbd7 10. O-O h6 11. Bd2 g5 12. Ng3 Nf8 13. Nf5 Bxf5 14. exf5 O-O-O
15. Qc2 N8d7 16. Rfb1 Rhe8 17. Rb5 Qa6 18. a4 Kc7 19. Ra2 b6 20. a5 Qb7 21. Ra4
Ra8 22. Qa2 Rg8 23. Be2 Nh5 24. g3 f6 25. f4 Ng7 26. fxe5 Nxe5 27. g4 Rge8 28.
Kf2 Reb8 29. h3 h5 30. Qb1 hxg4 31. hxg4 Rh8 32. Kg3 Nd7 33. Ra2 Rae8 34. Bf3
Ne5 35. Be2 Nd7 36. Bf3 Kd8 37. axb6 axb6 38. Rba5 Ke7 39. Ra7 Qb8 40. Qb5 Rd8
41. Qc6 Rhe8 42. Rc7 Kf7 43. Rxd7+ Rxd7 44. Qxd7+ Re7 45. Qb5 Qh8 46. Qxb6 Qh4+
47. Kg2 Nxf5 48. gxf5 g4 49. Kf1 gxf3 50. Be3 Qh1+ 51. Kf2 Qg2+ 0-1

[Event "Autumn Cup"]
[Site "Box Hill"]
[Date "2002.02.08"]
[Round "1.4"]
[White "Lojanica, Milenko"]
[Black "Lugo, Ruperto"]
[Result "1-0"]
[WhiteElo "1985"]
[BlackElo "1599"]
[Annotator "jd"]
[PlyCount "71"]
[EventDate "2002.02.08"]

1. g4 d5 2. Bg2 e5 3. d4 e4 4. h3 g6 5. c4 c6 6. Nc3 Bg7 7. e3 Ne7 8. Nge2 b6
9. Qb3 Bb7 10. Bd2 f5 11. Nf4 dxc4 12. Qxc4 Nd5 13. Ne6 Qe7 14. Nxd5 cxd5 15.
Nc7+ Kd8 16. Nxd5 Qd7 17. Nf4 Re8 18. g5 Nc6 19. Rc1 Rc8 20. Qb3 Qc7 21. h4 Bf8
22. a3 Qd6 23. h5 Rc7 24. hxg6 hxg6 25. Rh8 Na5 26. Qg8 Rxc1+ 27. Bxc1 Qc6 28.
Ne2 Ba6 29. Nc3 Bc4 30. d5 Qc7 31. Rh7 Be7 32. Qxg6 Bxd5 33. Qxf5 Bg8 34. Rh8
Qd6 35. Bh3 Qc7 36. Rxg8 1-0

[Event "Autumn Cup"]
[Site "Box Hill"]
[Date "2002.02.08"]
[Round "1.5"]
[White "Liston, Howard"]
[Black "Le, Tuan N"]
[Result "0-1"]
[WhiteElo "1596"]
[BlackElo "1954"]
[Annotator "jd"]
[PlyCount "78"]
[EventDate "2002.02.08"]

1. e4 c6 2. d4 d5 3. Nc3 dxe4 4. Nxe4 Nd7 5. Nf3 Ngf6 6. Ng3 e6 7. Bd3 Bd6 8.
Qe2 O-O 9. O-O c5 10. Ne4 Be7 11. Nxc5 Nxc5 12. dxc5 Bxc5 13. Be3 Qb6 14. Bxc5
Qxc5 15. Rad1 b6 16. Qe5 Qe7 17. Ng5 Bb7 18. Ne4 Nd5 19. Ng5 h6 20. Ne4 Nb4 21.
Qd6 Qxd6 22. Nxd6 Nxd3 23. Rxd3 Ba6 24. c4 Rfd8 25. Rfd1 Rd7 26. b4 Rad8 27. b5
Bb7 28. f4 Kf8 29. R3d2 Ke7 30. c5 bxc5 31. Nc4 Rxd2 32. Rxd2 Rxd2 33. Nxd2 Bd5
34. a4 c4 35. Nb1 Kd6 36. Nc3 Kc5 37. a5 Bb7 38. a6 Ba8 39. b6 axb6 0-1

[Event "Autumn Cup"]
[Site "Box Hill"]
[Date "2002.02.08"]
[Round "1.6"]
[White "Bourmistrov, Denis"]
[Black "Sucevic, Milic"]
[Result "1-0"]
[WhiteElo "1922"]
[BlackElo "1594"]
[Annotator "jd"]
[PlyCount "57"]
[EventDate "2002.02.08"]

1. d4 Nf6 2. c4 g6 3. Nc3 Bg7 4. e4 d6 5. Be2 O-O 6. Bg5 Nbd7 7. Qd2 c6 8. g4
e5 9. d5 Nc5 10. f3 Qc7 11. h4 Ne8 12. h5 f6 13. Be3 Rf7 14. hxg6 hxg6 15.
O-O-O g5 16. Bf1 Qa5 17. Kb1 Bd7 18. Nge2 Na6 19. Ng3 c5 20. Nf5 Bxf5 21. gxf5
Qd8 22. Bh3 Bh6 23. Bg4 Rh7 24. Bh5 Qe7 25. Rdg1 Nec7 26. Rh3 Qg7 27. Qh2 Nb4
28. Bg6 Rh8 29. Rh1 1-0

[Event "Autumn Cup"]
[Site "Box Hill"]
[Date "2002.02.08"]
[Round "1.7"]
[White "Suderson, Sunilson"]
[Black "Dizdarevic, Mehmedalija"]
[Result "0-1"]
[WhiteElo "1593"]
[BlackElo "1912"]
[Annotator "jd"]
[PlyCount "36"]
[EventDate "2002.02.08"]

1. e4 g6 2. d4 d6 3. Nc3 Bg7 4. Be3 c6 5. Qd2 Qa5 6. f3 Nd7 7. g4 b5 8. O-O-O
Rb8 9. Kb1 Nb6 10. Bd3 b4 11. Nce2 Be6 12. b3 c5 13. dxc5 dxc5 14. Nf4 Na4 15.
Nge2 Nc3+ 16. Nxc3 Bxc3 17. Qe2 Bd7 18. g5 e6 {too many errors} 0-1

[Event "Autumn Cup"]
[Site "Box Hill"]
[Date "2002.02.08"]
[Round "1.8"]
[White "Raine, Marcus"]
[Black "Stanning, Trevor"]
[Result "1-0"]
[WhiteElo "1912"]
[BlackElo "1583"]
[Annotator "jd"]
[PlyCount "63"]
[EventDate "2002.02.08"]

1. d4 f5 2. g3 Nf6 3. Bg2 g6 4. Nh3 Bg7 5. O-O O-O 6. c4 Nc6 7. Nc3 e5 8. Bxc6
bxc6 9. dxe5 Ng4 10. f4 d6 11. exd6 cxd6 12. Nf2 Nh6 13. Be3 Nf7 14. Bd4 Bh6
15. e4 Bb7 16. c5 d5 17. exd5 cxd5 18. b4 g5 19. Nd3 a6 20. Qf3 Qd7 21. Qh5
Rae8 22. Ne5 Rxe5 23. fxe5 Qe6 24. Rae1 Nd8 25. b5 axb5 26. Nxb5 Nc6 27. Bb2
Nb4 28. Nd6 Ba6 29. Rxf5 Rxf5 30. Nxf5 Qxf5 31. Qxh6 Bd3 32. e6 1-0

[Event "Autumn Cup"]
[Site "Box Hill"]
[Date "2002.02.08"]
[Round "1.9"]
[White "Stojic, Dusan"]
[Black "Dutka, Janusz"]
[Result "0-1"]
[WhiteElo "1577"]
[BlackElo "1904"]
[Annotator "jd"]
[PlyCount "64"]
[EventDate "2002.02.08"]

1. e4 c5 2. Nf3 d6 3. d4 cxd4 4. Nxd4 Nf6 5. Nc3 a6 6. Bg5 e6 7. f4 Be7 8. Qf3
Qc7 9. O-O-O Nbd7 10. g4 b5 11. Bxf6 Bxf6 12. g5 Bxd4 13. Rxd4 O-O 14. Qd1 Bb7
15. Rg1 Qa5 16. a3 Rac8 17. Qd2 Nb6 18. Rxd6 b4 19. axb4 Qa1+ 20. Nb1 Bxe4 21.
Rxb6 Rxc2+ 22. Qxc2 Bxc2 23. Kxc2 Rc8+ 24. Nc3 Qe1 25. Rg2 Qxf1 26. Rd2 Qxf4
27. Rc6 Rb8 28. Rxa6 Qxb4 29. Kc1 Qf4 30. Rad6 g6 31. Kd1 Qxg5 32. Kc1 Ra8 0-1

[Event "Autumn Cup"]
[Site "Box Hill"]
[Date "2002.02.08"]
[Round "1.11"]
[White "Lacey, David"]
[Black "Voon, Richard"]
[Result "1-0"]
[WhiteElo "1559"]
[BlackElo "1842"]
[Annotator "df"]
[PlyCount "81"]
[EventDate "2002.02.08"]

1. e4 e6 2. d4 d5 3. e5 c5 4. c3 Ne7 5. Bd3 Nec6 6. Nf3 Be7 7. O-O O-O 8. Be3
Nd7 9. Qc2 h6 10. a3 c4 11. Be2 f5 12. exf6 Rxf6 13. Ne5 Ndxe5 14. dxe5 Nxe5
15. Bd4 Rf5 16. g4 Rg5 17. f4 Rxg4+ 18. Bxg4 Nxg4 19. Qg6 Nf6 20. Nd2 Bd7 21.
Rae1 Qf8 22. Re3 Qf7 23. Qg2 Kh7 24. Rg3 Nh5 25. Re3 Bf6 26. Bxf6 Nxf6 27. Nf3
Ne4 28. Ne5 Qe8 29. Kh1 Nd6 30. Rfe1 Nf5 31. R3e2 Bc8 32. Rg1 a5 33. Ng6 Qf7
34. Ne5 Qf6 35. Ng4 Qe7 36. Ne3 Nxe3 37. Rxe3 Bd7 38. Qg6+ Kh8 39. Reg3 Rg8 40.
Rh3 Rf8 41. Rxh6+ 1-0

[Event "Autumn Cup"]
[Site "Box Hill"]
[Date "2002.02.08"]
[Round "1.12"]
[White "Faber, Karl-Heinz"]
[Black "Umber, George"]
[Result "1/2-1/2"]
[WhiteElo "1828"]
[BlackElo "1551"]
[Annotator "df"]
[PlyCount "60"]
[EventDate "2002.02.08"]

1. e4 e6 2. f4 d5 3. e5 c5 4. Nf3 Nc6 5. c3 Qb6 6. Na3 c4 7. Nc2 Bc5 8. d4 cxd3
9. Bxd3 a5 10. Qe2 Nge7 11. b3 Bd7 12. Be3 Bxe3 13. Qxe3 Qxe3+ 14. Nxe3 Na7 15.
a4 Nac6 16. Kf2 O-O 17. Bb5 Nb8 18. Nd4 Bxb5 19. Nxb5 Nbc6 20. Rac1 f6 21. exf6
Rxf6 22. Kg3 Rg6+ 23. Kf3 Rf8 24. g4 Ne5+ 25. Kg3 Nd3 26. Rcf1 Rgf6 27. Ng2 Ng6
28. g5 R6f7 29. Nd6 Rd7 30. Nb5 Rdf7 1/2-1/2

[Event "Autumn Cup"]
[Site "Box Hill"]
[Date "2002.02.08"]
[Round "1.13"]
[White "Kable, John R"]
[Black "Wheelwright, Philip"]
[Result "0-1"]
[WhiteElo "1548"]
[BlackElo "1826"]
[Annotator "df"]
[PlyCount "82"]
[EventDate "2002.02.08"]

1. c4 Nf6 2. Nf3 g6 3. g3 c6 4. Bg2 Bg7 5. O-O d5 6. d4 O-O 7. Nbd2 Nbd7 8. Re1
b6 9. b3 Bb7 10. Ba3 Re8 11. Qc2 Rc8 12. Rad1 Qc7 13. Nf1 c5 14. Bh3 cxd4 15.
Nxd4 dxc4 16. bxc4 Qxc4 17. Ne3 Qxc2 18. Ndxc2 e6 19. Nd4 Ba6 20. Bg2 Nc5 21.
Nc6 Nfe4 22. Bxe4 Nxe4 23. Ne7+ Rxe7 24. Bxe7 Bc3 25. f3 Bxe1 26. fxe4 Bc3 27.
Kf2 h5 28. g4 Be5 29. gxh5 gxh5 30. Rg1+ Kh7 31. Rg5 Bd4 32. Rxh5+ Kg6 33. Rg5+
Kh6 34. Rg2 f6 35. Bb4 Bb7 36. Rg4 Rc4 37. Bf8+ Kh5 38. h3 f5 39. exf5 exf5 40.
Rf4 Be4 41. Be7 Rc3 0-1

[Event "Autumn Cup"]
[Site "Box Hill"]
[Date "2002.02.08"]
[Round "1.14"]
[White "Meydan, Arie"]
[Black "Miller, Anthony"]
[Result "1-0"]
[WhiteElo "1804"]
[BlackElo "1517"]
[Annotator "df"]
[PlyCount "57"]
[EventDate "2002.02.08"]

1. e4 d6 2. f4 e5 3. Nf3 exf4 4. d4 g5 5. Bc4 g4 6. O-O gxf3 7. Qxf3 Qh4 8.
Bxf4 Qg4 9. Qb3 Be6 10. Bxe6 Qxe6 11. Qxb7 Qc4 12. Qxa8 Qxd4+ 13. Kh1 Qb6 14.
Nc3 Ne7 15. Nd5 Nxd5 16. exd5 f6 17. Be3 Qb5 18. Bxa7 Kf7 19. Qxb8 Qa5 20. b4
Qxd5 21. Qxc7+ Kg6 22. Rf3 Bh6 23. Raf1 Rf8 24. Qc3 f5 25. Rg3+ Kf7 26. Qc7+
Kf6 27. Qxh7 Bg5 28. Rxg5 Kxg5 29. Qg7+ 1-0

[Event "Autumn Cup"]
[Site "Box Hill"]
[Date "2002.02.08"]
[Round "1.15"]
[White "Bourmistrov, Alex"]
[Black "Kildisas, Victor E"]
[Result "0-1"]
[WhiteElo "1500"]
[BlackElo "1803"]
[Annotator "df"]
[PlyCount "90"]
[EventDate "2002.02.08"]

1. d4 Nf6 2. c4 g6 3. Nc3 Bg7 4. e4 d6 5. Bd3 O-O 6. Nge2 e5 7. d5 Na6 8. O-O
Nc5 9. Bc2 a5 10. f3 h5 11. Bg5 Bd7 12. Qd2 Qe8 13. Kh1 Nh7 14. Bh6 Qe7 15.
Bxg7 Kxg7 16. f4 exf4 17. Nxf4 Qe5 18. Rae1 Nf6 19. Nd3 Nxd3 20. Bxd3 Ng4 21.
Qf4 Qxf4 22. Rxf4 Ne5 23. Be2 b6 24. Ref1 f6 25. h4 Rf7 26. Nd1 Raf8 27. Ne3
Kh6 28. g3 g5 29. hxg5+ fxg5 30. Rxf7 Rxf7 31. Rxf7 Nxf7 32. Nf5+ Bxf5 33. exf5
g4 34. b3 Kg5 35. Bd3 Nh6 36. Kg2 Nxf5 37. Kf2 Nh6 38. Be4 Nf7 39. Bd3 h4 40.
gxh4+ Kxh4 41. Be4 Ng5 42. Bg2 Nh3+ 43. Ke3 Kg3 44. Be4 Kh2 45. Bf3 g3 0-1

[Event "Autumn Cup"]
[Site "Box Hill"]
[Date "2002.02.08"]
[Round "1.18"]
[White "Jukic, Davor"]
[Black "Nemeth, Laszlo"]
[Result "1-0"]
[WhiteElo "1725"]
[BlackElo "1494"]
[Annotator "df"]
[PlyCount "68"]
[EventDate "2002.02.08"]

1. e4 g6 2. d4 Bg7 3. Be3 d6 4. Nf3 c5 5. c3 Nc6 6. dxc5 Nf6 7. Nbd2 Bg4 8. h3
Bxf3 9. Qxf3 Ne5 10. Bb5+ Nfd7 11. Qe2 a6 12. Bxd7+ Qxd7 13. cxd6 Qxd6 14. Rd1
Nd3+ 15. Kf1 Nxb2 16. Rb1 Bxc3 17. Rxb2 Bxb2 18. Nc4 Qe6 19. Nxb2 Qxa2 20. Bd4
O-O 21. Nd1 Qa4 22. Be3 Rfd8 23. Bd2 Rac8 24. Nc3 Qc2 25. Nd5 Rd7 26. g3 f5 27.
exf5 Qxf5 28. Nxe7+ Rxe7 29. Qxe7 Qd3+ 30. Kg2 Qd5+ 31. Kh2 Rf8 32. Be3 Qa2 33.
Rf1 a5 34. Qe5 b5 1-0

[Event "Autumn Cup"]
[Site "Box Hill"]
[Date "2002.02.08"]
[Round "1.19"]
[White "O'Connor, Phil"]
[Black "Lycett, Garry"]
[Result "0-1"]
[WhiteElo "1492"]
[BlackElo "1711"]
[Annotator "jp"]
[PlyCount "120"]
[EventDate "2002.02.08"]

1. d4 Nf6 2. Nf3 d5 3. c4 e6 4. g3 c6 5. Bg2 Bb4+ 6. Nbd2 O-O 7. O-O Re8 8. Ne5
Nbd7 9. Ndf3 dxc4 10. Qc2 Nb6 11. e3 Bd7 12. Nxc4 Nxc4 13. Qxc4 Be7 14. Ne5 Rc8
15. b4 Nd5 16. Bd2 Bd6 17. Nd3 b5 18. Qb3 Nb6 19. Nc5 Nc4 20. Bc3 e5 21. Rfd1
Bxc5 22. dxc5 Qe7 23. a4 Be6 24. Qc2 a6 25. axb5 axb5 26. Ra6 Bd5 27. Bxd5 cxd5
28. Rxd5 Qb7 29. Rad6 Nxd6 30. Rxd6 Qe7 31. Qe4 Rcd8 32. Qxe5 Qxe5 33. Bxe5 f6
34. Bd4 Rxd6 35. cxd6 Kf7 36. f3 $2 (36. Bc5 $142) 36... Rc8 37. Kf1 Rc1+ 38.
Kg2 Ke6 39. Kf2 Kxd6 40. h4 Rc4 41. Bc5+ Rxc5 42. bxc5+ Kxc5 43. Ke2 Kc4 44.
Kd2 b4 45. e4 Kd4 46. g4 b3 47. g5 b2 48. Kc2 Ke3 49. h5 h6 50. gxf6 gxf6 51.
Kxb2 Kxf3 52. Kc2 Kxe4 53. Kd2 Kf3 54. Kd3 f5 55. Kd4 f4 56. Ke5 Kg4 57. Ke4 f3
58. Ke3 Kg3 59. Ke4 f2 60. Kf5 f1=Q+ 0-1

[Event "Autumn Cup"]
[Site "Box Hill"]
[Date "2002.02.08"]
[Round "1.20"]
[White "Wen, Phillip"]
[Black "Neymanis, Eric"]
[Result "1-0"]
[WhiteElo "1699"]
[BlackElo "1466"]
[Annotator "rf"]
[PlyCount "63"]
[EventDate "2002.02.08"]

1. d4 d5 2. c4 c6 3. Nc3 e6 4. e3 a6 5. Bd3 Nf6 6. Nge2 Be7 7. O-O Nbd7 8. a3
e5 9. cxd5 cxd5 10. dxe5 Nxe5 11. Bc2 O-O 12. b3 b5 13. Bb2 Ng6 14. Nd4 Bb7 15.
Qd2 Ne4 16. Nxe4 dxe4 17. Rfd1 Qc7 18. Rac1 Qe5 19. Bb1 Bf6 20. b4 Rac8 21. Ba2
Rxc1 22. Rxc1 Qd6 23. Qd1 Bxd4 24. Bxd4 Qd8 25. Qb3 Qd7 26. Bb6 Qg4 27. h3 Qf5
28. Rc7 Ba8 29. Bc5 Rd8 30. Rxf7 Bd5 31. Rxf5 Bxb3 32. Bxb3+ 1-0

[Event "Autumn Cup"]
[Site "Box Hill"]
[Date "2002.02.08"]
[Round "1.22"]
[White "Chowdhury, Mahmud"]
[Black "Carey, Peter"]
[Result "1-0"]
[WhiteElo "1676"]
[BlackElo "1451"]
[Annotator "rf"]
[PlyCount "33"]
[EventDate "2002.02.08"]

1. e4 c6 2. d4 d5 3. Nc3 dxe4 4. Nxe4 Bf5 5. Ng3 Bg6 6. h4 h5 7. Nf3 Qc7 8. Ne5
Bh7 9. Qxh5 g6 10. Qf3 f6 11. Bc4 Nh6 12. Bxh6 Bxh6 13. Nf7 Bg8 14. Nxh8 Bxc4
15. Nxg6 Nd7 16. Qh5 Bf8 17. Ne5+ 1-0

[Event "Autumn Cup"]
[Site "Box Hill"]
[Date "2002.02.08"]
[Round "1.23"]
[White "Papa, James"]
[Black "Jenkins, Keith"]
[Result "0-1"]
[WhiteElo "1433"]
[BlackElo "1670"]
[Annotator "rf"]
[PlyCount "106"]
[EventDate "2002.02.08"]

1. d4 d5 2. c4 e6 3. Nc3 Nf6 4. Bg5 Be7 5. e3 O-O 6. Nf3 h6 7. Bh4 b6 8. Bd3 c5
9. cxd5 exd5 10. Bc2 Ba6 11. Bd3 Bxd3 12. Qxd3 Nc6 13. O-O Nb4 14. Qf5 g6 15.
Qe5 Nd3 16. Qg3 Qd7 17. Ne5 Nxe5 18. Qxe5 g5 19. Bg3 cxd4 20. Qxd4 Rfd8 21.
Rfd1 Qf5 22. Qe5 Qe6 23. Nb5 Rac8 24. Nd4 Qxe5 25. Bxe5 Ng4 26. Nf5 Bf8 27. Bd4
Rc2 28. Rac1 Rdc8 29. Bc3 Nxf2 30. Rxc2 Nxd1 31. Rc1 Nxc3 32. Rxc3 Rxc3 33.
bxc3 Kh7 34. Kf2 Kg6 35. g4 h5 36. h3 hxg4 37. hxg4 Kf6 38. Ke2 Ke5 39. Kd3 Bc5
40. Ng7 b5 41. Nf5 Bb6 42. Nd4 Bxd4 43. cxd4+ Kd6 44. Kc3 a6 45. a3 a5 46. Kb3
f5 47. gxf5 g4 48. f6 g3 49. f7 Ke7 50. e4 g2 51. exd5 g1=Q 52. d6+ Kxf7 53. d7
Ke7 0-1

[Event "Autumn Cup"]
[Site "Box Hill"]
[Date "2002.02.08"]
[Round "1.24"]
[White "Turner, Adrian E"]
[Black "Fell, Rowan"]
[Result "1/2-1/2"]
[WhiteElo "1660"]
[BlackElo "1421"]
[Annotator "rf"]
[PlyCount "128"]
[EventDate "2002.02.08"]

1. d4 Nf6 2. Nc3 g6 3. e4 d6 4. Bg5 Bg7 5. Be2 O-O 6. Nf3 Nbd7 7. O-O c5 8. Re1
cxd4 9. Nxd4 Nc5 10. Bf1 b6 11. Qd2 Bb7 12. f3 a6 13. Bh6 Rc8 14. Bxg7 Kxg7 15.
Rad1 b5 16. a3 Qb6 17. Kh1 b4 18. axb4 Qxb4 19. b3 Ncd7 20. Na4 Qxd2 21. Rxd2
Nc5 22. Nb6 Rb8 23. Nc4 Rfc8 24. Na5 Rc7 25. Nxb7 Rbxb7 26. Bc4 Nfd7 27. Kg1
Ne5 28. Bf1 Nc6 29. Nxc6 Rxc6 30. Ra1 Rcc7 31. Bc4 Rb6 32. Kf2 Kf6 33. Ke3 Ra7
34. Ra5 Nb7 35. Ra3 a5 36. f4 Rb4 37. Bd5 Nc5 38. Rd4 Rxd4 39. Kxd4 e6 40. Bc4
Rc7 41. Bb5 Nb7 42. c4 e5+ 43. fxe5+ dxe5+ 44. Ke3 Nc5 45. Rxa5 Nxb3 46. Ra6+
Ke7 47. Rc6 Rxc6 48. Bxc6 Nc5 49. g4 g5 50. Bd5 f6 51. Kd2 Kd6 52. Kc3 Na6 53.
Kd3 Kc5 54. Kc3 h6 55. Bf7 Nb8 56. Be8 Na6 57. Bd7 Nb4 58. Bb5 Na2+ 59. Kb2 Nb4
60. Kc3 Na2+ 61. Kd3 Kb4 62. Ba6 Nc1+ 63. Kd2 Nb3+ 64. Ke3 Kc3 1/2-1/2

[Event "Autumn Cup"]
[Site "Box Hill"]
[Date "2002.02.08"]
[Round "1.25"]
[White "Simpson, Bruce"]
[Black "Lee, Michelle"]
[Result "1/2-1/2"]
[WhiteElo "1421"]
[BlackElo "1646"]
[Annotator "rf"]
[PlyCount "91"]
[EventDate "2002.02.08"]

1. c4 Nf6 2. Nc3 c5 3. Nf3 g6 4. b3 Bg7 5. Rb1 d6 6. Bb2 O-O 7. e3 Bf5 8. d3
Qa5 9. Be2 Ne4 10. dxe4 Bxc3+ 11. Kf1 Bxe4 12. Bxc3 Qxc3 13. Rc1 Qf6 14. Nd2
Bc6 15. Bf3 Bxf3 16. Nxf3 Nc6 17. g3 Ne5 18. Nxe5 Qxe5 19. Kg2 Rfd8 20. Re1 d5
21. Qf3 b6 22. Red1 e6 23. Rd2 Rd6 24. Rcd1 Rad8 25. cxd5 Rxd5 26. Rxd5 Rxd5
27. Rxd5 Qxd5 28. Qxd5 exd5 29. Kf3 Kf8 30. h4 c4 31. bxc4 dxc4 32. Ke4 b5 33.
f4 c3 34. Kd3 b4 35. g4 h5 36. g5 Ke7 37. e4 Kd6 38. f5 gxf5 39. exf5 Ke5 40.
f6 a5 41. Kc2 a4 42. Kd3 a3 43. Kc2 Kf5 44. Kb3 Ke5 45. Kc2 Ke6 46. Kb3 1/2-1/2

[Event "Autumn Cup"]
[Site "Box Hill"]
[Date "2002.02.08"]
[Round "1.26"]
[White "Nincevic, Anton"]
[Black "Elbrish, Sam"]
[Result "1-0"]
[WhiteElo "1404"]
[BlackElo "1398"]
[Annotator "rf"]
[PlyCount "73"]
[EventDate "2002.02.08"]

1. e4 e5 2. Bc4 Nc6 3. Nf3 d6 4. O-O Bg4 5. h3 Bh5 6. Be2 Nf6 7. Nc3 h6 8. d3
Bg6 9. a3 Qd7 10. Nh4 Bh7 11. Nf3 Ne7 12. Nh2 Ng6 13. Ng4 Nf4 14. Bf3 Ne6 15.
Be3 c6 16. Re1 Bg6 17. Be2 h5 18. Nh2 Nd4 19. Bf1 Nh7 20. Ne2 Ne6 21. Nf3 Be7
22. Ng3 Nf4 23. d4 h4 24. Nf5 Bxf5 25. exf5 Qxf5 26. dxe5 dxe5 27. Bc5 Ng6 28.
Bxe7 Kxe7 29. Bd3 Rad8 30. Bxf5 Rxd1 31. Raxd1 Kf6 32. Bxg6 Kxg6 33. Nxe5+ Kf5
34. Nf3 g5 35. Rd7 Kg6 36. Ree7 Rf8 37. Ne5+ 1-0

[Event "Autumn Cup"]
[Site "Box Hill"]
[Date "2002.02.08"]
[Round "1.27"]
[White "Martin, Richard"]
[Black "Gunawan, Andy"]
[Result "1/2-1/2"]
[WhiteElo "939"]
[BlackElo "1391"]
[Annotator "rf"]
[PlyCount "43"]
[EventDate "2002.02.08"]

1. e4 c5 2. Nc3 Nc6 3. g3 d6 4. Bg2 Nf6 5. d3 g6 6. Be3 Bg7 7. Nge2 O-O 8. Qd2
Ng4 9. O-O Nxe3 10. fxe3 e5 11. Nd5 Ne7 12. Nec3 f5 13. Rf2 Be6 14. exf5 Rxf5
15. Raf1 Qd7 16. Nxe7+ Qxe7 17. Nd5 Qd7 18. Qa5 Kh8 19. Qc7 Raf8 20. Qxd7 Bxd7
21. Ne7 Rxf2 22. Rxf2 1/2-1/2

[Event "Autumn Cup"]
[Site "Box Hill"]
[Date "2002.02.08"]
[Round "1.30"]
[White "Mihalopoulos, Tony"]
[Black "Qian, Paul"]
[Result "1-0"]
[WhiteElo "1372"]
[BlackElo "911"]
[Annotator "tw"]
[PlyCount "55"]
[EventDate "2002.02.08"]

1. d4 d5 2. Nc3 Nf6 3. e4 e6 4. e5 Nfd7 5. Nce2 f6 6. f4 f5 7. Nf3 c5 8. c3
cxd4 9. Nexd4 Nc5 10. Ng5 h6 11. Qh5+ Kd7 12. b4 Ne4 13. Ngxe6 Qe8 14. Bb5+ Nc6
15. Qxe8+ Kxe8 16. Nc7+ Kd8 17. Nxd5 Be6 18. Nxe6+ Kd7 19. Nd4 a6 20. Nb6+ Kc7
21. Nxa8+ Kb8 22. Nxc6+ Kxa8 23. Bd3 bxc6 24. Bxe4 fxe4 25. Be3 Be7 26. O-O g5
27. f5 Kb7 28. Rad1 1-0

[Event "Autumn Cup"]
[Site "Box Hill"]
[Date "2002.02.08"]
[Round "1.31"]
[White "Mihalopoulos, Jason"]
[Black "Gombik, Louis"]
[Result "0-1"]
[WhiteElo "914"]
[BlackElo "1360"]
[Annotator "tw"]
[PlyCount "78"]
[EventDate "2002.02.08"]

1. d4 Nf6 2. Nc3 d5 3. e4 e6 4. Be3 dxe4 5. f3 Bb4 6. a3 Bxc3+ 7. bxc3 c6 8.
fxe4 Nxe4 9. Qg4 Nxc3 10. Qxg7 Rf8 11. Bd3 Nd5 12. Bd2 Nf6 13. Bb4 Rg8 14. Qh6
Qxd4 15. Rd1 Qe5+ 16. Ne2 Nbd7 17. O-O Qg5 18. Qh3 h5 19. Qf3 Ne5 20. Qf2 Bd7
21. Ng3 Neg4 22. Qf4 Qh4 23. h3 e5 24. Qf3 O-O-O 25. hxg4 Bxg4 26. Bf5+ Nd7 27.
Bxd7+ Rxd7 28. Qe4 Qxg3 29. Rxd7 Bxd7 30. Rxf7 Bh3 31. Rf2 Qg5 32. Kf1 Qc1+ 33.
Be1 Bg4 34. Qh7 Rd8 35. Rf7 Rd7 36. Rf8+ Kc7 37. Qh8 Qe3 38. Rc8+ Kb6 39. Bf2
Rd1+ 0-1

[Event "Autumn Cup"]
[Site "Box Hill"]
[Date "2002.02.08"]
[Round "1.33"]
[White "Bourmistrov, Anna"]
[Black "Loizou, Loizos"]
[Result "0-1"]
[WhiteElo "881"]
[BlackElo "1274"]
[Annotator "tw"]
[PlyCount "44"]
[EventDate "2002.02.08"]

1. e4 e5 2. d3 Nf6 3. Nf3 Nc6 4. Be3 Be7 5. d4 d6 6. d5 Nb8 7. Bc4 Nxe4 8. O-O
Bg5 9. c3 Bg4 10. h3 Bxe3 11. fxe3 Bh5 12. Qd3 Bg6 13. Nbd2 Ng3 14. e4 Nxf1 15.
Qxf1 O-O 16. Re1 f5 17. exf5 Bxf5 18. Ne4 Bxe4 19. Rxe4 Qf6 20. Be2 Nd7 21. Rg4
Qe7 22. Qf2 e4 0-1

[Event "Autumn Cup"]
[Site "Box Hill"]
[Date "2002.02.08"]
[Round "1.34"]
[White "Benjamin, Frank"]
[Black "Fell, Nathan"]
[Result "0-1"]
[WhiteElo "1251"]
[BlackElo "873"]
[Annotator "tw"]
[PlyCount "112"]
[EventDate "2002.02.08"]

1. d4 Nf6 2. Nf3 g6 3. c4 Bg7 4. Nc3 O-O 5. e3 d6 6. Bd3 c5 7. d5 Bg4 8. O-O
Re8 9. Be2 Qd7 10. Nd2 Bxe2 11. Qxe2 e6 12. e4 e5 13. f3 Nh5 14. Nb3 Qe7 15.
Qf2 Nd7 16. Ne2 a6 17. a4 Rab8 18. Na5 Qd8 19. Bd2 Qb6 20. Rab1 Qc7 21. b4 cxb4
22. Bxb4 b6 23. Nc6 Rb7 24. g4 Nf4 25. Nxf4 exf4 26. Qh4 Nb8 27. Rfc1 Nxc6 28.
dxc6 Bd4+ 29. Kg2 Qxc6 30. Bd2 Qxa4 31. Bxf4 Qa2+ 32. Kh3 Rc7 33. Qe1 Rxc4 34.
Rxc4 Qxc4 35. Bxd6 a5 36. Rc1 Qd3 37. e5 Qxf3+ 38. Qg3 Qxg3+ 39. Kxg3 Bxe5+ 40.
Bxe5 Rxe5 41. Rc6 b5 42. Kf4 Re6 43. Rc5 Ra6 44. Rxb5 a4 45. Rb1 a3 46. Kg5 Kg7
47. Ra1 h6+ 48. Kf4 h5 49. g5 f6 50. gxf6+ Kxf6 51. Ke4 g5 52. h3 h4 53. Kd4
Kf5 54. Kc4 g4 55. hxg4+ Kxg4 56. Kb3 h3 0-1

[Event "Autumn Cup"]
[Site "Box Hill"]
[Date "2002.02.08"]
[Round "1.35"]
[White "Shan, Indran"]
[Black "Papa, Phil"]
[Result "0-1"]
[WhiteElo "864"]
[BlackElo "1249"]
[Annotator "tw"]
[PlyCount "78"]
[EventDate "2002.02.08"]

1. d4 Nf6 2. c4 c5 3. d5 b5 4. b3 g6 5. Bb2 Bg7 6. Nd2 d6 7. g3 O-O 8. Bg2 b4
9. Ngf3 Nbd7 10. O-O Nb6 11. e4 Re8 12. Rc1 Nxe4 13. Bxg7 Nxd2 14. Qxd2 Kxg7
15. Qb2+ Kg8 16. Rfe1 e6 17. Re3 exd5 18. Rce1 Rxe3 19. Rxe3 dxc4 20. Qe2 Be6
21. Nd2 Bd5 22. Bxd5 Nxd5 23. Re8+ Qxe8 24. Qxc4 Qe1+ 25. Nf1 Nc3 26. Kg2 Qe4+
27. Qxe4 Nxe4 28. Nd2 Nxd2 29. h4 Re8 30. Kh3 d5 31. f4 d4 32. Kg4 d3 33. f5
Ne4 34. fxg6 fxg6 35. h5 gxh5+ 36. Kxh5 d2 37. g4 d1=Q 38. Kh6 Re6+ 39. Kh5
Qh1# 0-1